000
00297nam a22001337a 4500
008
221004b ||||| |||| 00| 0 eng d
041
_a
eng
080
_2
Sixth edition
_a
159.9
082
_a
159.9
100
_a
24.1
101
_a
PSI
245
_a
PHYSICAL DIAGNOSIS
_c
MAJOR R
942
_2
udc
_c
BK
999
_c
58333
_d
58333